Punjabi dukhant natak: Prampra te pravah (Aalochna) (Record no. 132070)

MARC details
000 -LEADER
fixed length control field 00385nam a2200145Ia 4500
008 - FIXED-LENGTH DATA ELEMENTS--GENERAL INFORMATION
fixed length control field 230917s9999||||xx |||||||||||||| ||und||
040 ## - CATALOGING SOURCE
-- 190111
Original cataloging agency VIVEKANANDA LIBRARY
041 ## - Language
-- English
082 ## - DDC NUMBER
Classification number 891.422 R126P
100 ## - MAIN ENTRY--PERSONAL NAME
Personal name Raghbir Kaur
245 #0 - TITLE STATEMENT
Title Punjabi dukhant natak: Prampra te pravah (Aalochna)
260 ## - PUBLICATION, DISTRIBUTION, ETC. (IMPRINT)
Place of publication, distribution, etc Jalandhar
Name of publisher, distributor, etc Jalandhar Book Shop
Date of publication, distribution, etc 2004
300 ## - PHYSICAL DESCRIPTION
Pages 192 p.
942 ## - ADDED ENTRY ELEMENTS (KOHA)
Koha item type Books
Holdings
Withdrawn status Lost status Damaged status Not for loan Location (home branch) Sublocation or collection (holding branch) Date acquired Koha issues (times borrowed) Koha full call number Accession No. Koha date last seen Koha item type
        VIVEKANANDA LIBRARY VIVEKANANDA LIBRARY 04/10/2011   891.422 R126P 230907 17/09/2023 Books
© Designed and Maintained by Vivekananda Library, MDU Rohtak